Catálogo
 En Linea

Memorias 2005-08 / (Registro nro. 29675)

Detalles MARC
000 -CABECERA
campo de control de longitud fija 00626nam a2200217 a 4500
001 - NÚMERO DE CONTROL
campo de control 000030183
003 - IDENTIFICADOR DEL NÚMERO DE CONTROL
campo de control DO-SdBNP
005 - FECHA Y HORA DE LA ÚLTIMA TRANSACCIÓN
campo de control 20230214081247.0
007 - CAMPO FIJO DE DESCRIPCIÓN FÍSICA--INFORMACIÓN GENERAL
campo de control de longitud fija ta
008 - DATOS DE LONGITUD FIJA--INFORMACIÓN GENERAL
campo de control de longitud fija 110503s2008 dr ac 000 0 spa d
040 ## - FUENTE DE LA CATALOGACIÓN
Centro catalogador/agencia de origen DO-SdBNP
Lengua de catalogación spa
Centro/agencia transcriptor BNPHU
082 ## - NÚMERO DE LA CLASIFICACIÓN DECIMAL DEWEY
Número de clasificación xxxx
Número de documento/Ítem M533
Número de edición 22
110 2# - ENTRADA PRINCIPAL--NOMBRE DE ENTIDAD CORPORATIVA
Nombre de entidad corporativa o nombre de jurisdicción como elemento de entrada La Fundación Nacional de Desarrollo Integral
9 (RLIN) 56894
245 10 - MENCIÓN DE TÍTULO
Título Memorias 2005-08 /
Mención de responsabilidad, etc. presidente ; Félix Bautista.
260 ## - PUBLICACIÓN, DISTRIBUCIÓN, ETC.
Lugar de publicación, distribución, etc. Santo Domingo :
Nombre del editor, distribuidor, etc. FUNDI,
Fecha de publicación, distribución, etc. [2008].
300 ## - DESCRIPCIÓN FÍSICA
Extensión 309 p. :
Otras características físicas il. retrs. ;
Dimensiones 28 cm.
590 ## - NOTA LOCAL (RLIN)
Nota local Inventariado, 2023 / DG
700 12 - PUNTO DE ACCESO ADICIONAL--NOMBRE DE PERSONA
Nombre de persona Bautista, Félix
Término indicativo de función/relación pres.
9 (RLIN) 43925
910 ## - DATOS DE OPCIÓN DEL USUARIO (OCLC)
Datos de opción del usuario DG
942 ## - ELEMENTOS DE PUNTO DE ACCESO ADICIONAL (KOHA)
Fuente del sistema de clasificación o colocación Dewey Decimal Classification
Tipo de ítem Koha Libro
Existencias
Estado de retiro Estado de pérdida No para préstamo Código de colección Localización permanente Ubicación/localización actual Ubicación en estantería Fecha de adquisición Número de inventario Total de préstamos Signatura topográfica completa Código de barras Fecha visto por última vez Precio válido a partir de Tipo de ítem Koha Número de copia Fuente del sistema de clasificación o colocación Restricciones de uso
      Dominicana de Servicio Biblioteca Nacional Pedro Henríquez Ureña Biblioteca Nacional Pedro Henríquez Ureña En catalogación 14.02.2023     xxxx M533 2023-0895 14.02.2023 14.02.2023 Libro e.3 Dewey Decimal Classification Préstamo en sala
    Excluido de préstamo Patrimonio Dominicano Patrimonio Dominicano Patrimonio Dominicano En catalogación 03.05.2011 LF1   xxxx xxxx 30183-10 25.06.2020 25.06.2020 Libro y Folleto Colección Patrimonio Dominicano      
    Excluido de préstamo Patrimonio Dominicano Patrimonio Dominicano Patrimonio Dominicano En catalogación 08.06.2011 LF1   xxxx xxxx 30183-20 25.06.2020 25.06.2020 Libro y Folleto Colección Patrimonio Dominicano e. 2    

Con tecnología Koha